Statistics for Women's tennis: Top US Open Winners (Open Era)

Click here to take the quiz!

General Stats

  • This quiz has been taken 496 times
    (274 since last reset)
  • The average score is 9 of 11

Answer Stats

HintAnswer% Correct
6Serena Williams
96%
4Martina Navratilova
93%
5Steffi Graf
92%
6Chris Evert
91%
2Venus Williams
89%
2Monica Seles
83%
3Billie Jean King
81%
3Margaret Court
80%
2Justine Henin
77%
3Kim Clijsters
71%
2Tracy Austin
49%

Score Distribution

Percentile by Number Answered

Percent of People with Each Score

Your Score History

You have not taken this quiz since the last reset